Quizzes
Events
Quiz Creation
Community
Videos
Private Events
Remove Ads
Sign In
Join for FREE
Feedback
Dark Mode
Quiz Categories
Sports
Geography
Music
Movies
Television
Just For Fun
Miscellaneous
History
Literature
Language
Science
Gaming
Entertainment
Religion
Holiday
For Kids
Quiz Lab
Recent
Popular Today
Quiz Kudos Today
Editor Picks
Curator Picks
Quizzes by...
Day
Popularity
Type
Ratings
Length
Year
Community
Subscriptions
Recent Discussions
Orange Saloon
Badges
Playlists
Quests
Create
Leaderboards
Showdown
Live 5
Trivia Bingo
Activity
Puzzle Library
Sporcle Events
Private Events
Virtual Trivia
Globe League
Become a Host
Pub Owners
SporcleCon
Opinionation
Our Games
Videos
Blog
Mobile Apps
Partnerships
Remove Ads and Go Orange
Feedback
Just For Fun
Clickable
Get the Picture
Humor
Quick Pick
Word Ladder
Missing Word
Mixed Word
Blitz
Minefield
This or That
Alphabet
Color
Typing
Sporcle
Puzzle
Word Play
Follow That Line
Logic
Just For Fun
Clickable
Get the Picture
Humor
Quick Pick
Word Ladder
Missing Word
Mixed Word
Blitz
Minefield
This or That
Alphabet
Color
Typing
Sporcle
Puzzle
Word Play
Follow That Line
Logic
Random Quiz
Search Sporcle
×
Quiz Lab
Quiz Lab
Just For Fun
Elements
Type in answers that appear in a list
Type in answers that appear in a list
Classic
Best Score? Go Orange.
Words that are made of element initials. Stats
Can you name the Words that are made of element initials.?
By
switchfootgirl
5m
43 Questions
83 Plays
83 Plays
83 Plays
Comments
Comments
Give Quiz Kudos
Give Quiz Kudos
-
- Ratings
hide this ad
Forced Order
Answers have to be entered in order
Answers have to be entered in order
Random Order
Randomize order of answers
Randomize order of answers
Replay
Link that replays current quiz
Next Quiz
Link to next quiz in quiz playlist
You Got
0%
They Got
Avg Score
66%
Avg Friend Score
Upgrade to see
Score Distribution
Jump to the score distribution portion of the page
Score
0/43
Timer
05:00
0
Plays Today
Elements.
Words represented by the symbls.
% Correct
Neon,Argon
Near
73.5%
Chlorine,Oxygen,Selenium
Close
73.5%
Selenium,Xenon,Sulfur
Sexes
73.5%
Chlorine,Oxygen,Neon,Sulfur
Clones
73.5%
Nickel,Cerium
Nice
72.3%
Hydrogen,Oxygen,Uranium,Selenium
House
71.1%
Gallium,Sulfur,Oxygen,Lithium,Neon
Gasoline
71.1%
Germanium,Neon,Sulfur
Genes
69.9%
Nickel,Neon
Nine
69.9%
Boron,Osmium,Sulfur
Boss
69.9%
Fluorine,Radium,Nitrogen,Potassium
Frank
69.9%
Tellurium,Actinium,Hydrogen
Teach
69.9%
Chlorine,Oxygen,Carbon,Potassium
Clock
68.7%
Iridium,Oxygen,Nitrogen
Iron
68.7%
Carbon,Oxygen,Neon,Sulfur
Cones
68.7%
Phosphorous,Hydrogen,Oxygen,Neon
Phone
68.7%
Molybdenum,Neon,Yttrium
Money
68.7%
Barium,Thorium
Bath
67.5%
Thorium,Indium,Potassium
Think
67.5%
Bromine,Iodine,Beryllium
Bribe
67.5%
Bromine,Oxygen,Thorium,Erbium,Sulfur
Brothers
67.5%
Beryllium,Actinium,Hydrogen
Beach
67.5%
Elements.
Words represented by the symbls.
% Correct
Hydrogen,Oxygen,Phosphorous,Einsteinium
Hopes
67.5%
Scandium,Argon,Fluorine
Scarf
66.3%
Barium,Neodymium
Band
66.3%
Sodium,Vanadium,Yttrium
Navy
66.3%
Helium,Astanine
Heat
65.1%
Sulfur,Sodium,Carbon,Potassium
Snack
65.1%
Chlorine,Oxygen,Tungsten,Nitrogen,Sulfur
Clowns
65.1%
Calcium,Neodymium,Yttrium
Candy
65.1%
Carbon,Helium,Erbium
Cheer
65.1%
Calcium,Rhenium,Sulfur
Cares
65.1%
Gallium,Radium,Germanium
Garage
65.1%
Calcium,Iron
Cafe
63.9%
Polonium,Lithium,Tellurium
Polite
63.9%
Calcium,Uranium,Selenium
Cause
63.9%
Potassium,Nobelium,Tungsten
Know
62.7%
Praseodymium,Uranium,Neon
Prune
61.4%
Selenium,Neodymium,Erbium
Sender
60.2%
Carbon,Ytterium,Chlorine,Einsteinium
Cycles
60.2%
Cobalt,Tungsten,Sulfur
Cows
59%
Rhenium,Uranium,Nitrogen,Iodine,Tellurium
Reunite
56.6%
Iron,Astanine,Uranium,Rhenium
Feature
55.4%
Quiz Playlist
Details
Report
Send in Message
Add To Playlist
Classic:
Type in answers that appear in a list
Forced Order:
Answers have to be entered in order
Random Order:
Randomize order of answers
Last Updated: Feb 16, 2017
Quiz Scoreboard
CHALLENGE
Sign Up to Join the Scoreboard
Show All
Scores
Hide
Comments
May contain spoilers
Recently Published
Billboard Blitz: Fleetwood Mac
by CooCooCachoo
Music
15s
Presidents Visiting Landmarks
by Hejman
History
7m
An Introduction to Baseball
by treessimontrees
Sports
5m
More to Explore
Quiz From the Vault
Featured Blog Post
Where Did the Easter Bunny Come From?
hide this ad
You Might Also Like...
Tags
Elements Quiz
initial
Represented
Symbol
Today's Top Quizzes in Just For Fun
Browse Just For Fun
hide this ad
Today's Top Quizzes in Elements
Browse Elements
Top Contributed Quizzes in Just For Fun
1
Killer Double Trees 224 - Colour Match-Up
2
Crossword Whiteout! 49
3
Spring Typing Challenge
4
Zeroing In: Just For Fun
5
Harry Potter Logic - 'In Chains' II
6
Kyle's 122nd Triple Trees
7
Word Ladder: Ahoy Matey
8
Survivor Winners Logic Puzzle
9
Word Ladder: Wilderness Weapon
10
Edinburgh Fringe jokes 2015
Explore More
Trending Topics
NBA
Harry Potter
Kpop
Marvel
Anime
Disney
Crossword
Song
Pokémon
Country
WWE
NFL
Puzzle
Soccer
The Office
hide this ad
More By:
switchfootgirl
Quiz
Plays
Rating
Category
Featured
Created
Pick the Songs on Nevermind
8,098
4.74
Music
May 11, 2012
Click In The Blank (Movies)
6,122
3.86
Movies
May 1, 2012
Top 50 Girl Baby Names 2005
4,946
3.79
Miscellaneous
Oct 14, 2009
Click In The Blank (Songs)
3,724
4.57
Music
May 1, 2012
Top 300 Songs Of All Time
1,552
5.00
Music
Jun 17, 2012
Go to Creator's Profile
Score Distribution
Quiz Creator Spotlight
switchfootgirl
Follow
Send a Message
Quizzes Created
-
Created Quiz Play Count
-
More By This Creator
Popular Quizzes Today
1
Find the US States - No Outlines Minefield
2
Find the Countries of Europe - No Outlines Minefield
3
The Countries of the World
4
Find the US States
5
US States
6
Risky Map Clicking: Biggest States A-Z
7
Popular People in 1961
8
Movies - When Are They Set?
More Just For Fun Quizzes
Quick Pick: TBS Shows
Published
Trending Quizzes
Risky Map Clicking: Least Populous States A-Z
1-10 Letter G Words
1-10 Letter F Words
Risky Map Clicking: Next State Alphabetically
Risky Map Clicking: Biggest States A-Z
Recently Updated
Leaping Animals
pecheneg
Reality TV Shows (A-Z)
bhenderson79
Rickey Henderson's Hall of Fame Teammates
pecheneg
Champions League XIs: Arsenal
pecheneg
Quick Pick: Celebrities in WWE's Hall of Fame
aduchscher
A-Z Keypad Blitz II
pecheneg
Multiple Oscar Actors
pecheneg
Mystery Phrase Blitz: Oscar 'Best Actors'
pecheneg
F. Scott Fitzgerald Novels
LTH
Pick 3 Villains
ddd62291
Trending Topics
Disney
NBA
Kpop
Harry Potter
Crossword
Marvel
Anime
Puzzle
WWE
The Office
Song
Country
Soccer
Pokémon
NFL
Your Account Isn't Verified!
In order to create a playlist on Sporcle, you need to verify the email address you used during registration. Go to your
Sporcle Settings
to finish the process.
Report this User
Report this user for behavior that violates our
Community Guidelines
.
Details:
Send Report
Go to the Sporcle.com Mobile Site →
Comments